|
|
|
|
| LEADER |
00000nab#a22000007a#4500 |
| 001 |
arbauad004771 |
| 003 |
AR-BaUAD |
| 005 |
20250711110648.0 |
| 008 |
940713|||||||||###||||||b###|0###a|spa|| |
| 040 |
|
|
|a AR-BaUAD
|c AR-BaUAD
|b spa
|
| 100 |
|
|
|a Schávelzon, Daniel
|
| 245 |
|
|
|a La obra de Juan Antonio y Juan Carlos Buschiazzo en el Asilo de Ancianos de la Recoleta (1880-1935) /
|c Daniel Schávelzon;
|
| 300 |
0 |
|
|b fot., plantas, vistas
|
| 500 |
|
|
|a Reseña histórica de la obra.
|
| 653 |
|
|
|a BUSCHIAZZO, JUAN ANTONIO
|
| 653 |
|
|
|a BUSCHIAZZO, JUAN CARLOS
|
| 653 |
|
|
|a GERIATRICOS
|
| 653 |
|
|
|a RECOLETA
|
| 653 |
|
|
|a HISTORIA
|
| 653 |
|
|
|a ARQUITECTURA
|
| 653 |
|
|
|a ASILOS DE ANCIANOS
|
| 653 |
|
|
|a SIGLO XIX
|
| 773 |
0 |
|
|t DANA
|g no. 30 [1991], p. 7-12
|
| 942 |
|
|
|c ARTI
|
| 952 |
|
|
|0 0
|1 0
|4 0
|7 0
|9 49691
|a AR-BAuAD
|b AR-BAuAD
|d 2025-07-11
|l 0
|p AAQA004771
|r 2025-07-11 11:06:48
|w 2025-07-11
|y ARTI
|
| 990 |
|
|
|a AQ199
|b TD
|
| 998 |
|
|
|a AAQ
|b BIBUN76
|
| 999 |
|
|
|c 29364
|d 29364
|